| 000 | | | 03382nac2a22002411x 450 |
| 001 | | | 470290fe-e9c7-4a1e-84d6-d5ee40001fb6 |
| 005 | | | 20140110103151.0 |
| 100 | ## | $a | 20130529l1909 k y0rusy50 ca |
| 101 | 0# | $a | rus |
| 102 | ## | $a | RU |
| 105 | ## | $a | y z ||||| |
| 200 | 1# | $a | Печатные материалы по законопроекту о начальном образовании |
| | $j | [1909] |
| 215 | ## | $a | 218 листов |
| 251 | ## | $c | Дело |
| 300 | ## | $a | Документы типографские |
| 324 | ## | $a | Дублеты |
| 330 | ## | $a | VI. Материалы Постоянного совета и комиссий по вопросам народного образования и печати /1906-1915/ |
| 461 | #0 | $1 | 001b6db1e6b-efcc-4108-961b-a8f75be6354f |
| | $1 | 2001 |
| | $a | Постоянный совет объединенных дворянских обществ |
| | $1 | 251 |
| | $c | Фонд |
| | $1 | 852 |
| | $j | 434 |
| 462 | #0 | $1 | 001376737bd-14a2-4097-a3d5-a02b2aa0e2d3 |
| | $1 | 2001 |
| | $a | Постоянный совет объединенных дворянских обществ. 1906-1917 гг. |
| | $1 | 251 |
| | $c | Опись |
| | $1 | 852 |
| | $j | 1 |
| 601 | 02 | $3 | RU\NLR\AUTH\8810165427 |
| | $a | Постоянный совет объединенных дворянских обществ |
| | $c | Петербург |
| 801 | #0 | $a | RU |
| | $b | GA_RF |
| 801 | #1 | $a | RU |
| | $b | НПО Опыт |
| | $c | 20130529 |
| | $2 | rusmarc |
| 801 | #2 | $a | RU |
| | $b | ПБ им. Б.Н. Ельцина |
| | $c | 20140110 |
| | $g | RCR |
| | $2 | rusmarc |
| 852 | ## | $a | ГА РФ |
| | $j | 158 |
| 937 | ## | $d | 42671058 |
| | $h | ПБ |
| 035 | ## | $a | RuPRLIB51004514 |